The Official Guide to the GRE/ (Record no. 209159)

MARC details
000 -LEADER
fixed length control field 00527nam a22001817a 4500
005 - DATE AND TIME OF LATEST TRANSACTION
control field 20250218112639.0
010 ## - LCCN (DPL NO)
LC control number ENG-143835
020 ## - INTERNATIONAL STANDARD BOOK NUMBER
International Standard Book Number 9789364443418
Terms of availability 800.00
035 ## - SYSTEM CONTROL NUMBER
System control number EN-118175
037 ## - SOURCE OF ACQUISITION
Source of stock number/acquisition DBAD/PUB
082 ## - DEWEY DECIMAL CLASSIFICATION NUMBER
Classification number 332.495462
100 ## - MAIN ENTRY--PERSONAL NAME
Personal name Bohora, Anil R.
245 ## - TITLE STATEMENT
Title The Official Guide to the GRE/
260 ## - PUBLICATION, DISTRIBUTION, ETC. (IMPRINT)
Place of publication, distribution, etc Nashik
Name of publisher, distributor, etc Anil R. Bohora
Date of publication, distribution, etc 2009
270 ## - ADDRESS
Address Bohora House, Gangapur Road
City Nashik
Electronic mail address bohoraa@yahoo.com
Postal code 422001
300 ## - PHYSICAL DESCRIPTION
Extent 675p.
Dimensions 28cm(pbk)
942 ## - ADDED ENTRY ELEMENTS (KOHA)
Source of classification or shelving scheme Dewey Decimal Classification
Item type English Books
Classification part 000
Call number suffix OFF
Holdings
Withdrawn status Lost status Not for loan Collection code Home library Current library Date acquired Source of acquisition Cost, normal purchase price Full call number Barcode Copy number Cost, replacement price Koha item type
      Non-fiction Central Library Central Library 18/02/2025 DBAD 1599.00 000 OFF EN-127367 1 1599.00 English Books

© Delhi Public Library
Hit Counter
free hit counter